Gravitational experiments in the laboratory / (Record no. 6855)

MARC details
000 -LEADER
fixed length control field 01190pam a22003135a 4500
001 - CONTROL NUMBER
control field 14223651
003 - CONTROL NUMBER IDENTIFIER
control field OSt
005 - DATE AND TIME OF LATEST TRANSACTION
control field 20210409170134.0
008 - FIXED-LENGTH DATA ELEMENTS--GENERAL INFORMATION
fixed length control field 060110r20051993nyua b 001 0 eng
010 ## - LIBRARY OF CONGRESS CONTROL NUMBER
LC control number 2006271688
020 ## - INTERNATIONAL STANDARD BOOK NUMBER
International Standard Book Number 9780521675536 (pbk.)
020 ## - INTERNATIONAL STANDARD BOOK NUMBER
International Standard Book Number 0521675537 (pbk.)
040 ## - CATALOGING SOURCE
Original cataloging agency DLC
Transcribing agency DLC
Modifying agency DLC
050 00 - LIBRARY OF CONGRESS CALL NUMBER
Classification number QC178
Item number .C27 2005
082 ## - DEWEY DECIMAL CLASSIFICATION NUMBER
Classification number 531.14 CHE 1993
100 1# - MAIN ENTRY--PERSONAL NAME
Personal name Chen, Y. T.
9 (RLIN) 14056
245 10 - TITLE STATEMENT
Title Gravitational experiments in the laboratory /
Statement of responsibility, etc. Y.T. Chen, Alan Cook.
260 ## - PUBLICATION, DISTRIBUTION, ETC. (IMPRINT)
Place of publication, distribution, etc. New York :
Name of publisher, distributor, etc. Cambridge University Press,
Date of publication, distribution, etc. 2005.
300 ## - PHYSICAL DESCRIPTION
Extent 268 p. :
Other physical details ill. ;
Dimensions 24 cm.
500 ## - GENERAL NOTE
General note "Transferred to digital printing 2005"--T.p. verso.
650 #0 - SUBJECT ADDED ENTRY--TOPICAL TERM
Topical term or geographic name as entry element Gravity
General subdivision Measurement.
9 (RLIN) 14057
650 #0 - SUBJECT ADDED ENTRY--TOPICAL TERM
Topical term or geographic name as entry element Gravity
General subdivision Experiments.
9 (RLIN) 14058
700 1# - ADDED ENTRY--PERSONAL NAME
Personal name Cook, Alan H.
9 (RLIN) 14059
856 42 - ELECTRONIC LOCATION AND ACCESS
Materials specified Publisher description
Uniform Resource Identifier <a href="http://www.loc.gov/catdir/enhancements/fy0633/2006271688-d.html">http://www.loc.gov/catdir/enhancements/fy0633/2006271688-d.html</a>
856 41 - ELECTRONIC LOCATION AND ACCESS
Materials specified Table of contents only
Uniform Resource Identifier <a href="http://www.loc.gov/catdir/enhancements/fy0633/2006271688-t.html">http://www.loc.gov/catdir/enhancements/fy0633/2006271688-t.html</a>
906 ## - LOCAL DATA ELEMENT F, LDF (RLIN)
a 7
b cbc
c origcop
d 3
e ncip
f 20
g y-gencatlg
942 ## - ADDED ENTRY ELEMENTS (KOHA)
Source of classification or shelving scheme Library of Congress Classification
Koha item type Open Shelf
Holdings
Withdrawn status Lost status Source of classification or shelving scheme Damaged status Not for loan Home library Current library Date acquired Source of acquisition Inventory number Total Checkouts Full call number Barcode Date last seen Price effective from Koha item type
    Library of Congress Classification     MUST Main Library MUST Main Library 09/04/2021 purchase 04/22945   531.14 CHE 1993 2021-0380 09/04/2021 09/04/2021 Open Shelf
    Library of Congress Classification     MUST Main Library MUST Main Library 09/04/2021 purchase 05/24588   531.14 CHE 1993 2021-0381 09/04/2021 09/04/2021 Open Shelf
    Library of Congress Classification     MUST Main Library MUST Main Library 09/04/2021 purchase 04/22946   531.14 CHE 1993 2021-0382 09/04/2021 09/04/2021 Open Shelf
    Library of Congress Classification     MUST Main Library MUST Main Library 09/04/2021 purchase 05/24587   531.14 CHE 1993 2021-0383 09/04/2021 09/04/2021 Open Shelf
    Library of Congress Classification     MUST Main Library MUST Main Library 09/04/2021 purchase 04/21848   531.14 CHE 1993 2021-0384 09/04/2021 09/04/2021 Open Shelf